| 000 | 00460cam a22001337a 4500 | ||
|---|---|---|---|
| 008 | 180718b1979 xxu||||| |||| 00| 0 eng d | ||
| 082 | _aT000 V712 | ||
| 245 |
_aTransnational capitalism and national development: new perspectives on dependence _cedited by Jose J. Villamil |
||
| 260 |
_aHassocks _bSussex, Harvester Press _c1979 |
||
| 300 | _a325p. | ||
| 650 | _aInternational business enterprises | ||
| 650 | _aEconomic assistance | ||
| 700 | _aVillamil, Jose J. | ||
| 999 |
_c356007 _d356007 |
||